Informační systémy podniku a jejich vývoj
Definícia informačného systému. Podmienky kladené na vývoj IS. Model usporiadania a väzieb medzi jednotlivými prvkami IS. Vzťah organizácie a IS. Vrstvy organizačnej štruktúry podniku. Typy informačných systémov. Systémy využívajúce TQM. Vývoj IS a IT.
Saved in:
| Main Author: | |
|---|---|
| Format: | Book Chapter |
| Language: | Czech |
| Subjects: | |
| Tags: |
No Tags, Be the first to tag this record!
|
MARC
| LEADER | 00000naa$a2200000$$$4500 | ||
|---|---|---|---|
| 001 | 0028331 | ||
| 005 | 20230929123341.3 | ||
| 041 | 0 | |a cze | |
| 044 | |a CZ | ||
| 245 | 1 | 0 | |a Informační systémy podniku a jejich vývoj |c Petr Suchánek |
| 520 | |a Definícia informačného systému. Podmienky kladené na vývoj IS. Model usporiadania a väzieb medzi jednotlivými prvkami IS. Vzťah organizácie a IS. Vrstvy organizačnej štruktúry podniku. Typy informačných systémov. Systémy využívajúce TQM. Vývoj IS a IT. | ||
| 610 | 2 | 0 | |a systémy informačné |
| 610 | 2 | 0 | |a technológie informačné |
| 610 | 2 | 0 | |a technológie komunikačné |
| 610 | 2 | 0 | |a podnik |
| 610 | 2 | 0 | |a história |
| 610 | 2 | 0 | |a štruktúra podniku organizačná |
| 100 | 1 | |a Suchánek, Petr | |